| 000 | 00912nas a2200265 4500 | ||
|---|---|---|---|
| 001 | BR8400289 | ||
| 003 | BR-BrBNA | ||
| 005 | 20231205085745.0 | ||
| 007 | ta | ||
| 008 | 230509b bl.|||p| |||| 00| 00por d | ||
| 040 |
_aBR-BrBNA _bpor _cBiblioteca Nacional de Agricultura |
||
| 041 | _a(Pt) | ||
| 072 | _aF30; H20 | ||
| 100 | 1 | _aPonte, J.J. da | |
| 100 | 1 | _aMenezes, R.N. | |
| 100 | 1 | _aFranco, A. | |
| 245 | 1 | _aTeste preliminar de producao com novos hibridos de caupi, Vigna unguiculata Walp., resistentes a doencas | |
| 246 | 1 | _aPreliminary production test with new hybrids of cowpea, Vigna unguiculata Walp., resistant to diseases | |
| 650 | _aFEIJAO DE CORDA | ||
| 650 | _aHIBRIDO | ||
| 650 | _aVARIEDADE RESISTENTE | ||
| 773 | 0 |
_tFitopatologia Brasileira (Brazil) _xISSN 0100-4158 _g(Jun 1983), v. 8(2) p. 387-390 _wBR8400289 |
|
| 909 |
_a202311 _bLúcia _c55 _dLúcia Elande |
||
| 942 |
_2AGRIS _n0 _cANA |
||
| 999 |
_c113595 _d113595 |
||